Countries word scramble #2 - Statistics

General Stats
  • This quiz has been taken 67 times
  • The average score is 9 of 10
Answer Stats
Scramble Answer % Correct
nrai Iran
97%
tnpaskia Pakistan
95%
adnaca Canada
93%
ypgte Egypt
93%
pjana Japan
93%
comexi Mexico
93%
hlcie Chile
88%
gtniarena Argentina
81%
ribid uaaaas Saudi Arabia
81%
oisainnde Indonesia
76%
No matching quizzes found
Score Distribution
Percent of People with Each Score
Percentile by Number Answered
Your Score History
You have not taken this quiz